000 00451nam a22001697a 4500
003 OSt
005 20140310182341.0
008 130313t xxu||||| |||| 00| 0 eng d
020 _a0673358682
050 _aQ 161.2
_b.Sc425 1994
082 _aGS 507.8
_bDIS 1994 M-A
245 _aDiscover the wonder /
260 _aGlenview, Illinois :
_bScottForesman,
_c1994.
300 _a48 p. :
_bcol. ill. ;
_c28 cm.
942 _2lcc
_cBK-GS
999 _c12139
_d12139